MARC

LEADER 00000nam0a2200000 4500
001 317222
005 20231102002943.0
035 |a (RuTPU)RU\TPU\book\342690 
090 |a 317222 
100 |a 20160406d1967 k y0rusy50 ca 
101 0 |a rus 
102 |a RU 
105 |a a z 000zd 
200 1 |a Выдающиеся деятели отечественной нефтяной науки и техники  |f С. М. Лисичкин 
210 |a Москва  |c Недра  |d 1967 
215 |a 284 с.  |c ил. 
606 1 |a Научные инженерно-технические общества нефтяников  |2 stltpush  |3 (RuTPU)RU\TPU\subj\45173  |9 64434 
610 1 |a нефтяная наука 
610 1 |a техника 
610 1 |a деятели науки 
610 1 |a жизнь 
610 1 |a работа 
610 1 |a Октябрьская социалистическая революция 
610 1 |a история 
610 1 |a архивные документы 
610 1 |a персоналии 
675 |a 622.323(09)  |v 3 
700 1 |a Лисичкин  |b С. М.  |g Степан Максимович 
801 1 |a RU  |b 63413507  |c 20160406 
801 2 |a RU  |b 63413507  |c 20160916  |g RCR 
942 |c BK